NASCAR Drivers with 10+ Wins - Statistics

General Stats
  • This quiz has been taken 48 times
    45 since last reset
  • The average score is 38 of 66
Answer Stats
Wins Career Driver % Correct
76 1975–2001 Dale Earnhardt
100%
26 2000–2017 Dale Earnhardt Jr.
100%
54 1949–1964 Lee Petty
100%
200 1958–1992 Richard Petty
100%
83 2001–2020 Jimmie Johnson
96%
63 2004–2023 Kyle Busch
96%
50 1953–1966 Junior Johnson
93%
34 2000–2023 Kurt Busch
93%
32 2014–2024 Kyle Larson
93%
60 2005–2024 Denny Hamlin
89%
93 1992–2015 Jeff Gordon
89%
60 2001–2023 Kevin Harvick
89%
44 1976–2003 Bill Elliott
85%
21 2016–2024 Chase Elliott
85%
37 2008–2024 Joey Logano
85%
85 1961–1988 Bobby Allison
81%
84 1972–2000 Darrell Waltrip
81%
19 1986–1993 Davey Allison
81%
10 1966–1988 Donnie Allison
81%
55 1980–2005 Rusty Wallace
81%
36 2009–2024 Brad Keselowski
78%
83 1963–1988 Cale Yarborough
78%
40 1981–2013 Mark Martin
78%
28 2004–2016 Carl Edwards
74%
19 2003–2016 Greg Biffle
74%
105 1960–1986 David Pearson
70%
39 2000–2018 Matt Kenseth
70%
34 2004–2024 Martin Truex Jr.
67%
49 1999–2016 Tony Stewart
67%
32 1984–2008 Dale Jarrett
63%
50 1953–1966 Ned Jarrett
63%
16 2018–2024 William Byron
59%
21 1993–2016 Bobby Labonte
56%
13 2020–2024 Christopher Bell
56%
17 2015–2024 Ryan Blaney
56%
22 1978–1996 Terry Labonte
56%
23 1981–2007 Ricky Rudd
52%
33 1949–1964 Fireball Roberts
44%
21 1994–2013 Jeff Burton
44%
18 2004–2018 Kasey Kahne
44%
46 1952–1959 Buck Baker
41%
19 1966–1988 Buddy Baker
41%
18 1979–1994 Harry Gant
41%
18 2000–2023 Ryan Newman
41%
21 1973–1988 Benny Parsons
37%
18 1979–2003 Geoff Bodine
37%
48 1949–1962 Herb Thomas
37%
10 1976–2009 Sterling Marlin
37%
10 2005–2023 Clint Bowyer
33%
19 1949–1957 Fonty Flock
33%
25 1950–1964 Joe Weatherly
33%
28 1956–1960 Rex White
33%
39 1949–1957 Tim Flock
33%
37 1961–1972 Bobby Isaac
26%
15 1986–1999 Ernie Irvan
26%
18 1976–1999 Neil Bonnett
26%
17 1949–1968 Curtis Turner
22%
21 1949–1956 Jack Smith
22%
14 1961–1970 LeeRoy Yarbrough
22%
13 1980–1989 Tim Richmond
22%
26 1956–1972 Fred Lorenzen
19%
20 1950–1956 Speedy Thompson
15%
14 1959–1967 Dick Hutcherson
11%
25 1950–1967 Jim Paschal
11%
17 1951–1967 Marvin Panch
11%
13 1950–1952 Dick Rathmann
7%
No matching quizzes found
Score Distribution
Percent of People with Each Score
Percentile by Number Answered
Your Score History
You have not taken this quiz since the last reset